|
|
|
|
| LEADER |
01446nam a2200349 a 4500 |
| 001 |
000462384 |
| 003 |
CZ BrMZK |
| 005 |
20210122094850.0 |
| 007 |
ta |
| 008 |
000115s1999 xr f 0 eng d |
| 015 |
|
|
|a cnb000840031
|
| 020 |
|
|
|a 80-902020-6-3
|
| 040 |
|
|
|a BOA001
|b cze
|
| 043 |
|
|
|a ec-----
|
| 072 |
|
7 |
|a 631
|x Zemědělství. Pedologie. Agrotechnika. Agroekologie
|2 Konspekt
|9 24
|
| 080 |
|
|
|a 631.467/.468
|2 MRF
|
| 080 |
|
|
|a (4-191.2)
|2 MRF
|
| 080 |
|
|
|a (062.534)
|2 MRF
|
| 245 |
0 |
0 |
|a Soil zoology in Central Europe :
|b proceedings of the 5th Central European workshop on soil zoology held in České Budějovice, Czech Republic, April 27-30, 1999 /
|c Karel Tajovský & Václav Pižl
|
| 260 |
|
|
|a České Budějovice :
|b Academy of sciences of the Czech Republic,
|c 1999
|
| 300 |
|
|
|a xi, 377 s. :
|b obr., mp. ;
|c 25 cm
|
| 504 |
|
|
|a Obsahuje bibliografii
|
| 550 |
|
|
|a Vyd.: Ústav půdní biologie, Akademie věd ČR České Budějovice
|
| 650 |
0 |
7 |
|a půdní zoologie
|7 ph124958
|z Evropa střední
|2 czenas
|
| 655 |
|
7 |
|a sborníky konferencí
|7 fd133333
|2 czenas
|
| 700 |
1 |
|
|a Tajovský, Karel,
|d 1958-
|7 jn20000620379
|4 red
|
| 700 |
1 |
|
|a Pižl, Václav,
|d 1956-
|7 jn20010309105
|4 red
|
| 710 |
2 |
|
|a Ústav půdní biologie (Akademie věd ČR)
|7 kn20010710692
|
| 910 |
|
|
|a BOA001
|b 3-1068.761
|
| 990 |
|
|
|a BK
|
| 991 |
|
|
|b 200707
|
| 996 |
6 |
|
|b 2610107976
|c 3-1068.761
|l MZK
|r Sklad / do 1 hodiny
|n 1
|p p.v.
|w 000462384
|u 000010
|a 1
|e BOA001
|j MZK50
|s P
|